000 02087cam a2200553 i 4500
001 1509409853
003 OCoLC
005 20260330175658.0
008 250317t20262025nyu d 000 1 eng
010 _a2024061290
020 _a9781250372123
_q(trade paperback)
020 _a1250372127
_q(trade paperback)
020 _z9781250372130
_q(ebook)
035 _a(OCoLC)1509409853
040 _aDLC
_beng
_erda
_cDLC
_dOCLCO
_dHBP
_dOCLCO
_dMWD
_dOJ4
_dJX7
_dRNL
_dIDW
_dOCLCO
_dOPW
_dOCLCO
042 _apcc
050 0 0 _aPZ7.1.R3487
_bDe 2026
082 0 0 _a[Fic]
_223
099 _aYA
_aFICTION
_aRALPH,VI
100 1 _aRalph, Vincent,
_eauthor.
_955623
245 1 0 _aDead fake /
_cVincent Ralph.
246 3 0 _aBleak Haven.
_n1,
_pDead fake.
250 _aFirst edition.
300 _a248 pages ;
_c21 cm.
340 _b21 cm.
490 1 _aBleak Haven ;
_v1.
520 _aSixteen-year-old Ava, niece of an infamous murderer, refuses to take part in the latest internet trend that lets users watch AI-generated versions of their deaths, but when the deaths start coming true, she must solve the mystery before she becomes the next victim.
521 _aAges 13-18.
_bWednesday Books.
650 0 _aMurder
_vFiction.
650 0 _aInternet videos
_vFiction.
_940094
650 0 _aDeepfakes
_vFiction.
_955624
650 0 _aArtificial intelligence
_vFiction.
_97243
650 0 _aHigh school students
_vFiction.
650 0 _aMurder
_vJuvenile fiction.
650 0 _aInternet videos
_vJuvenile fiction.
_955625
650 0 _aDeepfakes
_vJuvenile fiction.
_955626
650 0 _aArtificial intelligence
_vJuvenile fiction.
_97067
650 0 _aHigh school students
_vJuvenile fiction.
650 1 _aMystery and detective stories.
655 7 _aHorror fiction.
_2lcgft.
655 7 _aDetective and mystery fiction.
_2lcgft.
655 7 _aThrillers (Fiction)
_2lcgft.
655 7 _aNovels.
_2lcgft.
655 7 _aRomans.
_2rvmgf
_940739
655 0 _aYoung adult fiction.
800 1 _aRalph, Vincent.
_tBleak Haven ;
_v1.
_955627
907 _a.b51428464x
942 _2ddc
_cBK
999 _c129575
_d129575